[Event "RUS-chT U20"]
[Site "Kaliningrad"]
[Date "2013.08.06"]
[Round "5"]
[White "Vasilov, Artur"]
[Black "Vavulin, Maksim"]
[Result "1/2-1/2"]
[WhiteElo "2307"]
[BlackElo "2360"]
[PlyCount "99"]
[EventDate "2013.08.02"]
[EventType "team-swiss"]
[EventRounds "9"]
[EventCountry "RUS"]
[SourceTitle "EXT 2018"]
[Source "ChessBase"]
[SourceDate "2017.10.13"]
[SourceVersion "1"]
[SourceVersionDate "2017.10.13"]
[SourceQuality "1"]

1. Nf3 c5 2. c4 Nc6 3. Nc3 e5 4. e3 Nf6 5. d4 cxd4 6. exd4 e4 7. Ne5 Bb4 8. Be2 Qa5 9. 0-0 Nxe5 10. dxe5 Qxe5 11. Bd2 Be7 12. Nb5 0-0 13. Bc3 Qb8 14. f4 exf3 15. Bxf3 a6 16. Nd4 d5 17. cxd5 Bd6 18. h3 Re8 19. Qd3 Be5 20. Rfe1 Qd6 21. Nb3 Bd7 22. Bxe5 Rxe5 23. Rxe5 Qxe5 24. Qd4 Qxd4+ 25. Nxd4 Ne8 26. Rc1 Rc8 27. Rxc8 Bxc8 28. Kf2 Kf8 29. Ke3 Ke7 30. Nb3 Nd6 31. Kd4 b6 32. Nd2 a5 33. Nc4 Nxc4 34. Kxc4 Ba6+ 35. Kd4 Kd6 36. h4 f5 37. g3 g6 38. Bg2 Be2 39. Bh1 h6 40. Bg2 g5 41. hxg5 hxg5 42. Bh3 g4 43. Bg2 Ba6 44. Bh1 Bf1 45. Ke3 Ke5 46. d6 Kxd6 47. Kf4 Ke6 48. Bb7 Kf6 49. Bc8 Bd3 50. a3 1/2-1/2

[Event "Tatarstan-ch op"]
[Site "Kazan"]
[Date "2012.09.09"]
[Round "7"]
[White "Toropov, Pavel"]
[Black "Vasilov, Artur"]
[Result "0-1"]
[WhiteElo "2302"]
[BlackElo "2265"]
[PlyCount "96"]
[EventDate "2012.09.03"]
[EventType "swiss"]
[EventRounds "9"]
[EventCountry "RUS"]
[SourceTitle "CBM 150 Extra"]
[Source "ChessBase"]
[SourceDate "2012.10.19"]
[SourceVersion "1"]
[SourceVersionDate "2012.10.19"]
[SourceQuality "1"]

1. c4 c5 2. Nc3 Nc6 3. Nf3 g6 4. d4 cxd4 5. Nxd4 Bg7 6. Nc2 Nf6 7. e4 0-0 8. Be2 d6 9. 0-0 Be6 10. Rb1 Nd7 11. Nd5 Nc5 12. f3 f5 13. b4 Na4 14. Nce3 Nd4 15. Bd3 Bd7 16. exf5 gxf5 17. Bd2 e6 18. Nf4 Bh6 19. Nc2 Qf6 20. Nh5 Qg6 21. Nxd4 Qxh5 22. Ne2 Bg7 23. Bc2 Nb2 24. Qe1 Nxc4 25. Nf4 Qh6 26. Bc1 Be5 27. g3 Rac8 28. Bb3 Qf6 29. Kg2 Bd4 30. a4 Qe5 31. Nd3 Qxe1 32. Rxe1 Kf7 33. Bf4 e5 34. Nc5 dxc5 35. Bxc4+ Kf6 36. Bh6 Rfe8 37. b5 Be6 38. Rbc1 Bxc4 39. Rxc4 Ke6 40. Be3 Kd5 41. Rc2 c4 42. Rd1 c3 43. f4 Kc4 44. Kf3 e4+ 45. Ke2 Bxe3 46. Kxe3 Red8 47. Rb1 Rd3+ 48. Ke2 Rcd8 0-1

[Event "Izhevsk Corporation Cup-A 4th"]
[Site "Izhevsk"]
[Date "2012.07.16"]
[Round "2"]
[White "Vasilov, Artur"]
[Black "Savchuk, Vladimir"]
[Result "1-0"]
[WhiteElo "2250"]
[BlackElo "2097"]
[PlyCount "135"]
[EventDate "2012.07.15"]
[EventType "swiss"]
[EventRounds "9"]
[EventCountry "RUS"]
[SourceTitle "EXT 2013"]
[Source "ChessBase"]
[SourceDate "2012.11.22"]
[SourceVersion "1"]
[SourceVersionDate "2012.11.22"]
[SourceQuality "1"]

1. d4 d5 2. c4 c6 3. Nf3 Nf6 4. Nc3 e6 5. e3 Nbd7 6. Qc2 Bd6 7. b3 b6 8. Be2 Bb7 9. 0-0 0-0 10. Bb2 Qe7 11. Rfe1 Rac8 12. Rad1 Rfd8 13. e4 dxe4 14. Nxe4 Nxe4 15. Qxe4 f5 16. Qc2 c5 17. d5 exd5 18. Bd3 Qf7 19. Bxf5 Qh5 20. Be6+ Kh8 21. Bxd5 Bc6 22. Bxc6 Rxc6 23. Qe4 Rdc8 24. Rd5 Qh6 25. Qh4 Qxh4 26. Nxh4 Nf6 27. Bxf6 gxf6 28. Nf5 Bf8 29. Rd7 R6c7 30. Rxc7 Rxc7 31. Re8 Kg8 32. Rd8 Kf7 33. g4 b5 34. cxb5 c4 35. bxc4 Rxc4 36. Rd4 Rc2 37. a4 Bc5 38. Rf4 Kg6 39. h4 h5 40. gxh5+ Kxh5 41. Ng3+ Kg6 42. h5+ Kg7 43. Kg2 Ra2 44. Ne4 Be7 45. Rg4+ Kh7 46. Nc3 Rd2 47. a5 Kh6 48. b6 axb6 49. a6 b5 50. a7 Rd8 51. Nxb5 Ra8 52. Kf3 Kxh5 53. Rg7 Bc5 54. Rf7 Bf8 55. Rb7 Bc5 56. Rb8 Rxa7 57. Nxa7 Bxa7 58. Rg8 Bb6 59. Rg2 Bc7 60. Ke4 Kh6 61. Kf5 Be5 62. f4 Bd4 63. Rg6+ Kh7 64. Rxf6 Kg7 65. Rd6 Bc3 66. Rd7+ Kf8 67. Rb7 Bd4 68. Ke6 1-0

[Event "Samara Polugaevsky Memorial 1st"]
[Site "Samara"]
[Date "2011.07.10"]
[Round "6"]
[White "Vasilov, Artur"]
[Black "Lugovskoy, Maxim"]
[Result "1-0"]
[WhiteElo "2199"]
[BlackElo "2308"]
[PlyCount "175"]
[EventDate "2011.07.05"]
[EventType "swiss"]
[EventRounds "9"]
[EventCountry "RUS"]
[SourceTitle "CBM 143 Extra"]
[Source "ChessBase"]
[SourceDate "2011.08.29"]
[SourceVersion "1"]
[SourceVersionDate "2011.08.29"]
[SourceQuality "1"]

1. d4 d5 2. c4 e6 3. Nc3 Nf6 4. cxd5 exd5 5. Bg5 Nbd7 6. e3 Be7 7. Bd3 0-0 8. Qc2 Re8 9. Nge2 Nf8 10. 0-0 Ng6 11. Kh1 c6 12. f3 Be6 13. Rad1 Rc8 14. a3 Qc7 15. Ng3 c5 16. Qd2 a6 17. Bxf6 Bxf6 18. Nh5 Be7 19. Bxg6 hxg6 20. Nf4 cxd4 21. Ncxd5 Bxd5 22. Nxd5 Qe5 23. Qxd4 Qxd4 24. Rxd4 Rc2 25. Rfd1 Bf6 26. R4d2 Rec8 27. Nxf6+ gxf6 28. Kg1 f5 29. Kf2 Kg7 30. Ke2 R2c5 31. Rd7 Rb5 32. R1d2 Rc1 33. R7d4 Rh1 34. h3 Rg1 35. Kf2 Rc1 36. e4 fxe4 37. Rxe4 Rb1 38. b4 Ra1 39. Rd7 Rxa3 40. Rf4 Ra2+ 41. Kg1 Rf5 42. Rxf5 gxf5 43. Rxb7 Kg6 44. Kh2 a5 45. Rb6+ Kg5 46. bxa5 Rxa5 47. Rb8 Ra6 48. Rf8 Rf6 49. Kg3 f4+ 50. Kh2 Rf5 51. Rg8+ Kf6 52. Rg4 Ke5 53. h4 Rh5 54. Kh3 Kf5 55. Rg8 Rh7 56. Rg4 Ke5 57. Rg5+ Ke6 58. Kg4 f6 59. Rg6 Kf7 60. h5 Rh8 61. Kh4 Ra8 62. Rg4 Ra2 63. Kh3 Ra1 64. Rh4 f5 65. Kh2 Kf6 66. Rxf4 Kg5 67. g3 Ra6 68. Rh4 Ra2+ 69. Kh3 Kh6 70. Rf4 Kg5 71. h6 Ra7 72. Rh4 Rh7 73. Kg2 Kg6 74. Kf2 Kg5 75. Ke3 Re7+ 76. Kd4 Rh7 77. Ke5 Re7+ 78. Kd6 Rh7 79. Ke6 Kg6 80. f4 Rh8 81. h7 Re8+ 82. Kd7 Rh8 83. Ke7 Kg7 84. g4 fxg4 85. Rxg4+ Kh6 86. Rh4+ Kg6 87. Rh1 Kg7 88. f5 1-0

[Event "Samara Polugaevsky Memorial 1st"]
[Site "Samara"]
[Date "2011.07.08"]
[Round "4"]
[White "Vasilov, Artur"]
[Black "Shapiro, David"]
[Result "1/2-1/2"]
[WhiteElo "2199"]
[BlackElo "1991"]
[PlyCount "97"]
[EventDate "2011.07.05"]
[EventType "swiss"]
[EventRounds "9"]
[EventCountry "RUS"]
[SourceTitle "CBM 143 Extra"]
[Source "ChessBase"]
[SourceDate "2011.08.29"]
[SourceVersion "1"]
[SourceVersionDate "2011.08.29"]
[SourceQuality "1"]

1. d4 d5 2. c4 c6 3. Nf3 Nf6 4. Nc3 e6 5. e3 Nbd7 6. Qc2 Bd6 7. b3 0-0 8. Be2 b6 9. 0-0 Bb7 10. Bb2 Rc8 11. Rad1 Qe7 12. e4 dxe4 13. Nxe4 Nxe4 14. Qxe4 Nf6 15. Qh4 c5 16. Bd3 h6 17. Rfe1 Bxf3 18. gxf3 Nd5 19. Qg4 f5 20. Qg2 Nf4 21. Qh1 Qh4 22. Re2 Nxe2+ 23. Bxe2 Rf6 24. h3 cxd4 25. Rxd4 Qg5+ 26. Kf1 Bc5 27. h4 Qg6 28. Rd3 Rff8 29. f4 Qe8 30. Rg3 Rc7 31. Qg2 Rff7 32. Bh5 Bf8 33. Rd3 Qe7 34. Bxf7+ Qxf7 35. Rd8 Rd7 36. Qa8 Rxd8 37. Qxd8 Kh7 38. Be5 Bc5 39. Qc7 Qxc7 40. Bxc7 Kg6 41. Bb8 a5 42. Kg2 h5 43. f3 Kf7 44. Be5 g6 45. Kf1 Ke7 46. Ke2 Kd7 47. Bf6 Kc6 48. Kd3 Ba3 49. Kc2 1/2-1/2

[Event "Samara Polugaevsky Memorial 1st"]
[Site "Samara"]
[Date "2011.07.07"]
[Round "3"]
[White "Maletin, Pavel"]
[Black "Vasilov, Artur"]
[Result "1/2-1/2"]
[WhiteElo "2575"]
[BlackElo "2199"]
[PlyCount "104"]
[EventDate "2011.07.05"]
[EventType "swiss"]
[EventRounds "9"]
[EventCountry "RUS"]
[SourceTitle "CBM 143 Extra"]
[Source "ChessBase"]
[SourceDate "2011.08.29"]
[SourceVersion "1"]
[SourceVersionDate "2011.08.29"]
[SourceQuality "1"]

1. d4 Nf6 2. c4 e6 3. g3 d5 4. Nf3 dxc4 5. Bg2 Nc6 6. Qa4 Bb4+ 7. Bd2 Bd6 8. Qxc4 0-0 9. Nc3 e5 10. d5 Ne7 11. 0-0 c6 12. dxc6 Nxc6 13. Rfd1 Be6 14. Qb5 a6 15. Qa4 Qc7 16. Ng5 Bf5 17. Nce4 Be7 18. Rac1 Nxe4 19. Nxe4 Rfd8 20. e3 Qb6 21. Bc3 Be6 22. h3 f6 23. Bf1 Rxd1 24. Rxd1 Rd8 25. Rxd8+ Qxd8 26. Bc4 Qd7 27. g4 Kf8 28. Ng3 g6 29. a3 Nd8 30. Qxd7 Bxd7 31. Kg2 Be6 32. Bd3 Bd5+ 33. f3 Ne6 34. b4 Kf7 35. h4 a5 36. Ne4 axb4 37. axb4 Nc7 38. g5 Bxe4 39. Bxe4 b5 40. f4 exf4 41. exf4 fxg5 42. hxg5 Na6 43. Bd3 Nxb4 44. Bxb5 Kf8 45. Kf3 Nd5 46. Be5 Bb4 47. Bc4 Ne7 48. Be6 Nf5 49. Ke4 h6 50. Bxf5 gxf5+ 51. Kxf5 hxg5 52. fxg5 Kg8 1/2-1/2

[Event "Izhevsk op-A"]
[Site "Izhevsk"]
[Date "2010.07.23"]
[Round "9"]
[White "Filipenko, Alexander V"]
[Black "Vasilov, Artur"]
[Result "1/2-1/2"]
[WhiteElo "2344"]
[BlackElo "2171"]
[PlyCount "88"]
[EventDate "2010.07.15"]
[EventType "swiss"]
[EventRounds "9"]
[EventCountry "RUS"]
[SourceTitle "CBM 137 Extra"]
[Source "ChessBase"]
[SourceDate "2010.09.01"]
[SourceVersion "1"]
[SourceVersionDate "2010.09.01"]
[SourceQuality "1"]

1. e4 c6 2. d4 d5 3. Nc3 dxe4 4. Nxe4 Bf5 5. Ng3 Bg6 6. h4 h6 7. Nf3 Nd7 8. h5 Bh7 9. Bd3 Bxd3 10. Qxd3 Ngf6 11. Bd2 e6 12. 0-0-0 Qc7 13. Kb1 0-0-0 14. Ne4 Nxe4 15. Qxe4 Nf6 16. Qe2 c5 17. dxc5 Bxc5 18. Ne5 Rd5 19. Nd3 Rhd8 20. Nxc5 Qxc5 21. Be3 Rxd1+ 22. Rxd1 Rxd1+ 23. Qxd1 Qc6 24. g4 a6 25. f3 e5 26. b3 Nd5 27. Qd3 f6 28. Bd2 Nc7 29. Qe4 Qxe4 30. fxe4 Kd7 31. c4 Ne6 32. Be3 Kc6 33. Kc2 Nc7 34. Kc3 Ne6 35. a3 Nc7 36. b4 b5 37. Kb3 Ne6 38. a4 Nc7 39. cxb5+ axb5 40. a5 Kb7 41. Kc2 Ne6 42. Kd3 Ng5 43. Bc5 Ka6 44. Be3 Kb7 1/2-1/2

[Event "Izhevsk op-A"]
[Site "Izhevsk"]
[Date "2010.07.21"]
[Round "7"]
[White "Pershina, Elena"]
[Black "Vasilov, Artur"]
[Result "1/2-1/2"]
[WhiteElo "2028"]
[BlackElo "2171"]
[PlyCount "175"]
[EventDate "2010.07.15"]
[EventType "swiss"]
[EventRounds "9"]
[EventCountry "RUS"]
[SourceTitle "CBM 137 Extra"]
[Source "ChessBase"]
[SourceDate "2010.09.01"]
[SourceVersion "1"]
[SourceVersionDate "2010.09.01"]
[SourceQuality "1"]

1. e4 c6 2. c4 d5 3. exd5 cxd5 4. cxd5 Nf6 5. Nc3 Nxd5 6. Bc4 Nxc3 7. Qb3 e6 8. dxc3 Be7 9. Bf4 0-0 10. Nf3 Nd7 11. 0-0 Qb6 12. Qc2 Nf6 13. Bd3 Bd7 14. Ne5 Rfd8 15. Nxd7 Rxd7 16. Rad1 Rad8 17. h3 h6 18. Rd2 Nd5 19. Bg3 Bg5 20. Rdd1 Bf4 21. Bxf4 Nxf4 22. Bh7+ Kh8 23. Rxd7 Rxd7 24. Be4 Qd8 25. Bf3 Qg5 26. Kh2 f5 27. Rd1 Qd8 28. Rxd7 Qxd7 29. g3 Ng6 30. Bh5 Ne5 31. f4 Nc4 32. b3 Nd2 33. Be2 Ne4 34. Bd3 Nf6 35. Bc4 Qc6 36. a4 Ne4 37. Qe2 Kh7 38. Qe3 b6 39. Bb5 Qd6 40. Bd3 Nc5 41. Bc4 Qc6 42. Bb5 Qd6 43. Bc4 a5 44. Qd4 Qc6 45. Qe5 Qd7 46. Qd4 Qc6 47. Qe5 Qe4 48. Qxe4 Nxe4 49. Bxe6 Kg6 50. b4 Kf6 51. Bd7 Nxc3 52. bxa5 bxa5 53. g4 fxg4 54. hxg4 Ne2 55. f5 Kg5 56. Kh3 Nd4 57. Kg3 Nb3 58. Bb5 Nc5 59. Bc6 Nd3 60. Bb5 Ne5 61. Be2 Nd7 62. Bb5 Nf6 63. Be2 Ne4+ 64. Kf3 Nd6 65. Bd3 Nb7 66. Kg3 Nd6 67. Kf3 Ne8 68. Kg3 Nf6 69. Be2 Ne4+ 70. Kf3 Nc3 71. Bb5 Nb1 72. Bd3 Nd2+ 73. Kg3 Nb3 74. Bb5 Nd4 75. Bd7 Ne2+ 76. Kf3 Nf4 77. Bb5 h5 78. gxh5 Kxf5 79. h6 gxh6 80. Kg3 Nd5 81. Kh4 Nc3 82. Be8 Ke6 83. Kh5 Ke7 84. Bc6 Kd6 85. Be8 Kc5 86. Kxh6 Kb4 87. Kg5 Nxa4 88. Kf4 1/2-1/2

[Event "Izhevsk op-A"]
[Site "Izhevsk"]
[Date "2010.07.15"]
[Round "1"]
[White "Dzhumaev, Marat"]
[Black "Vasilov, Artur"]
[Result "1-0"]
[WhiteElo "2484"]
[BlackElo "2171"]
[PlyCount "117"]
[EventDate "2010.07.15"]
[EventType "swiss"]
[EventRounds "9"]
[EventCountry "RUS"]
[SourceTitle "CBM 137 Extra"]
[Source "ChessBase"]
[SourceDate "2010.09.01"]
[SourceVersion "1"]
[SourceVersionDate "2010.09.01"]
[SourceQuality "1"]

1. e4 c6 2. d4 d5 3. exd5 cxd5 4. Bd3 Nc6 5. c3 Nf6 6. h3 g6 7. Nf3 Bf5 8. Bxf5 gxf5 9. Bf4 e6 10. Ne5 Bd6 11. Nd2 Bxe5 12. dxe5 Ne4 13. Nf3 Qc7 14. Nd4 Nxd4 15. Qxd4 Qc4 16. Be3 b6 17. Qxc4 dxc4 18. f3 Nc5 19. Bxc5 bxc5 20. 0-0-0 Ke7 21. Rd6 f6 22. Rc6 Rac8 23. exf6+ Kxf6 24. Ra6 h5 25. Re1 Rhe8 26. f4 Rc7 27. Re2 h4 28. Kd1 Rd7+ 29. Ke1 Rb7 30. Rc6 Rb6 31. Rxc5 Reb8 32. Rxc4 Rxb2 33. Ra4 Rxe2+ 34. Kxe2 Rb2+ 35. Kf3 Rb7 36. c4 Rc7 37. Ke3 Rg7 38. Kf2 Rc7 39. Rb4 a5 40. Ra4 Rc5 41. Ke3 e5 42. fxe5+ Kxe5 43. Kd3 Kf4 44. Ra3 Re5 45. Kd2 Rc5 46. Rf3+ Ke4 47. Kc3 f4 48. Rf1 Ke3 49. Rf3+ Ke4 50. Rd3 Rg5 51. Rd4+ Ke3 52. Rd2 Rg8 53. c5 Rg5 54. Rd3+ Ke4 55. Rd4+ Ke3 56. c6 Rg8 57. c7 Rc8 58. Rd7 Kf2 59. Rg7 1-0

[Event "Nabereznye Chelny op 8th"]
[Site "Nabereznye Chelny"]
[Date "2010.01.23"]
[Round "5"]
[White "Darmin, Dmitry"]
[Black "Vasilov, Artur"]
[Result "1/2-1/2"]
[WhiteElo "2364"]
[BlackElo "2104"]
[PlyCount "68"]
[EventDate "2010.01.19"]
[EventType "swiss"]
[EventRounds "9"]
[EventCountry "RUS"]
[SourceTitle "CBM 134 Extra"]
[Source "ChessBase"]
[SourceDate "2010.03.03"]
[SourceVersion "1"]
[SourceVersionDate "2010.03.03"]
[SourceQuality "1"]

1. e4 c6 2. c4 d5 3. exd5 cxd5 4. cxd5 Nf6 5. Nc3 Nxd5 6. d4 e6 7. Nf3 Be7 8. Bd3 0-0 9. 0-0 Nc6 10. a3 Bf6 11. Be4 Nce7 12. Qc2 g6 13. Bg5 Bxg5 14. Nxg5 Bd7 15. Nxd5 exd5 16. Bd3 Bf5 17. Bxf5 Nxf5 18. Nf3 Re8 19. Rac1 Rc8 20. Qa4 a6 21. h3 Qd6 22. b3 Kg7 23. Rc5 Rxc5 24. dxc5 Qd8 25. Rd1 Re2 26. Kf1 Qe7 27. Qf4 Ra2 28. Nd4 Nxd4 29. Qxd4+ Qf6 30. Qxf6+ Kxf6 31. Rxd5 Rxa3 32. Rd6+ Kg7 33. Rb6 Ra5 34. Ke2 Rxc5 1/2-1/2

[Event "Muhamedzjanov Memorial"]
[Site "Kazan"]
[Date "2010.01.14"]
[Round "7.2"]
[White "Glukhov, Alexander"]
[Black "Vasilov, Artur"]
[Result "0-1"]
[WhiteElo "2040"]
[BlackElo "2104"]
[PlyCount "134"]
[EventDate "2010.01.08"]
[EventType "swiss"]
[EventRounds "9"]
[EventCountry "RUS"]
[SourceTitle "EXT 2022"]
[Source "ChessBase"]
[SourceDate "2021.10.06"]
[SourceVersion "1"]
[SourceVersionDate "2021.10.06"]
[SourceQuality "1"]

1. e4 c6 2. d4 d5 3. Nc3 dxe4 4. Nxe4 Bf5 5. Ng3 Bg6 6. h4 h6 7. Nf3 Nd7 8. h5 Bh7 9. Bd3 Bxd3 10. Qxd3 e6 11. Bf4 Qa5+ 12. Bd2 Qc7 13. Qe2 Ngf6 14. 0-0-0 0-0-0 15. Ne5 Nb6 16. Ba5 Rd5 17. Bxb6 axb6 18. c4 Rd8 19. Ne4 Nxe4 20. Qxe4 Bd6 21. f4 Rhe8 22. Rh3 f6 23. Ng6 Qf7 24. Rhd3 Bc7 25. b3 Rd6 26. f5 Kb8 27. Re1 e5 28. Rde3 Red8 29. dxe5 fxe5 30. g4 Qd7 31. R3e2 Rd1+ 32. Rxd1 Qxd1+ 33. Kb2 Rd4 34. Qc2 Qxc2+ 35. Kxc2 Rxg4 36. Nxe5 Bxe5 37. Rxe5 Rg5 38. Kd3 Rxh5 39. Ke4 Rg5 40. Re7 Ka7 41. Kf4 Ka6 42. Re8 b5 43. c5 Ka7 44. Re2 g6 45. fxg6 Rxg6 46. Rh2 b4 47. Ke4 Ka6 48. Rc2 Kb5 49. Kf4 Rg5 50. Rh2 Rxc5 51. Rxh6 Rc2 52. Rh5+ Kb6 53. Ke3 Rxa2 54. Kd3 Rg2 55. Rh3 Kb5 56. Rf3 Rb2 57. Kd4 c5+ 58. Kd5 Rc2 59. Rf1 Rc3 60. Rb1 Rd3+ 61. Ke4 c4 62. bxc4+ Kxc4 63. Rh1 Rd7 64. Rc1+ Kb3 65. Rh1 Ka2 66. Rh2+ Ka3 67. Rh1 b3 0-1

[Event "EU-chT School U14 4th"]
[Site "Varna"]
[Date "2009.06.17"]
[Round "4.2"]
[White "Vasilov, Artur"]
[Black "Fedoseev, Vladimir1111"]
[Result "1-0"]
[WhiteElo "2093"]
[BlackElo "2318"]
[PlyCount "79"]
[EventDate "2009.06.13"]
[EventType "team"]
[EventRounds "5"]
[EventCountry "BUL"]
[SourceTitle "EXT 2020"]
[Source "ChessBase"]
[SourceDate "2019.10.17"]
[SourceVersion "1"]
[SourceVersionDate "2019.10.17"]
[SourceQuality "1"]

1. d4 c5 2. d5 Nf6 3. c4 e6 4. Nc3 exd5 5. cxd5 d6 6. g3 g6 7. Bg2 Bg7 8. Nf3 0-0 9. 0-0 a6 10. a4 b6 11. Nd2 Nbd7 12. Nc4 Ne8 13. Bf4 Ne5 14. Bxe5 Bxe5 15. Qb3 Rb8 16. Na5 Bb7 17. Nc6 Bxc6 18. dxc6 Bxc3 19. bxc3 Nc7 20. c4 b5 21. axb5 axb5 22. Rfd1 Qe7 23. Ra7 bxc4 24. Qxc4 Rb4 25. Qa2 Rc8 26. Bf3 Qe8 27. Rb7 Ra8 28. Qc2 Nb5 29. Bd5 Kh8 30. Bxf7 Qe5 31. Bxg6 Nd4 32. Rxh7+ Kg8 33. Rxd4 Rxd4 34. Qb3+ c4 35. Qb7 Rf8 36. Rh5 Rd1+ 37. Kg2 Qd4 38. f3 Qg1+ 39. Kh3 Qf1+ 40. Kh4 1-0